000 00732nam a2200229 a 4500
003 CO-ViMGA
005 20230915233143.0
008 061230s2006 sp gr 00010 spa d
020 _a8496601188
020 _a9788496601185
040 _aCO-ViMGA
_bspa
_cCO-ViMGA
041 1 _hucr
082 0 4 _a920
_bL35c6
_221 ed.
100 1 _aLem, Stanislaw,
_d1921-2006.
_95189
245 1 3 _aEl castillo alto /
_cStanislaw Lem ; traducción de Andrzej Kovalski.
260 3 _aMadrid :
_bEditorial Funambulista,
_c2006.
300 _a218 p. ;
_c18 cm.
534 _pTítulo original :
_tWysoki zamek.
600 1 6 _aLem, Stanislaw,
_d1921-2006
_v Autobiografías.
_95190
700 1 2 _aKovalsk, Andrzej,
_etr.
_95191
942 _2ddc
_cBK
999 _c35921
_d35921